Anatomy of the dog

Uloženo v:
Podrobná bibliografie
Hlavní autor: Malcolm E Miller
Médium: Kniha
Jazyk:Undetermined
Vydáno: Philadelphia W. B. Saunders 1964
Témata:
Tagy: Přidat tag
Žádné tagy, Buďte první, kdo otaguje tento záznam!
Thư viện lưu trữ: Trung tâm Học liệu Trường Đại học Cần Thơ
LEADER 00473nam a2200181Ia 4500
001 CTU_14286
008 210402s9999 xx 000 0 und d
082 |a 636.70891 
082 |b M647 
100 |a Malcolm E Miller 
245 0 |a Anatomy of the dog 
245 0 |c Malcolm E Miller 
260 |a Philadelphia 
260 |b W. B. Saunders 
260 |c 1964 
650 |a dogs - anatomy 
904 |i Minh, 961231 
980 |a Trung tâm Học liệu Trường Đại học Cần Thơ